Footballers With More Than 500 Goals - Statistics

General Stats
  • This quiz has been taken 384 times
  • The average score is 8 of 23
Answer Stats
Goals Player % Correct
827 Cristiano Ronaldo
100%
799 Lionel Messi
100%
762 Pelé
91%
591 Robert Lewandowski
77%
533 Luis Suárez
73%
560 Zlatan Ibrahimović
62%
634 Gerd Müller
57%
729 Ferenc Puskás
56%
530 Alfredo Di Stéfano
41%
755 Romário
37%
619 Eusébio
36%
720 Josef Bican
28%
507 Hugo Sánchez
13%
551 Uwe Seeler
7%
553 Fernando Peyroteo
4%
511 Roberto Dinamite
4%
647 Jimmy Jones
3%
526 György Sárosi
2%
552 Jimmy McGrory
2%
502 Franz Binder
1%
561 Glenn Ferguson
1%
504 Imre Schlosser
1%
616 Joe Bambrick
1%
No matching quizzes found
Score Distribution
Percent of People with Each Score
Percentile by Number Answered
Your Score History
You have not taken this quiz